Central Library OPAC University of Rajshahi

India in world affairs August 1947-January 1950 : (Record no. 42140)

MARC details
000 -LEADER
fixed length control field 00944nam a2200265 a 4500
001 - CONTROL NUMBER
control field 42140
003 - CONTROL NUMBER IDENTIFIER
rucl marc code BD-RjUL
005 - DATE AND TIME OF LATEST TRANSACTION
control field 20211209053511.0
008 - FIXED-LENGTH DATA ELEMENTS--GENERAL INFORMATION
fixed length control field 160609s1952 ii b 001 0 eng d
035 ## - SYSTEM CONTROL NUMBER
System control number (BD-RjUL)42258
040 ## - CATALOGING SOURCE
Original cataloging agency EYM
Transcribing agency EYM
Modifying agency ZCU
-- BD-RjUL
Language of cataloging eng
041 ## - LANGUAGE CODE
Language code of text/sound track or separate title eng
082 ## - DEWEY DECIMAL CLASSIFICATION NUMBER
Edition number 23
Classification number 327.54
Author mark and year KAI 1952
100 1# - MAIN ENTRY--PERSONAL NAME
Personal name Karunakaran, K. P.
9 (RLIN) 129578
245 10 - TITLE STATEMENT
Title India in world affairs August 1947-January 1950 :
Remainder of title a review of India's foreign relations from Independence Day to Republic Day /
Statement of responsibility, etc. by K. P. Karunakaran
260 ## - PUBLICATION, DISTRIBUTION, ETC. (IMPRINT)
Place of publication, distribution, etc. Calcutta ;
-- New York :
Name of publisher, distributor, etc. Geoffrey Cumberlege, Oxford University Press,
Date of publication, distribution, etc. 1952.
300 ## - PHYSICAL DESCRIPTION
Pagination xi, 407 p. ;
Size 22 cm.
490 1# - SERIES STATEMENT
Series statement Indian in World Affairs.
500 ## - GENERAL NOTE
General note Includes index.
504 ## - BIBLIOGRAPHY, ETC. NOTE
Bibliography, etc Bibliography: p.(389-400).
651 #0 - SUBJECT ADDED ENTRY--GEOGRAPHIC NAME
Geographic name India
General subdivision Foreign relations.
9 (RLIN) 129595
710 2# - ADDED ENTRY--CORPORATE NAME
Corporate name or jurisdiction name as entry element Indian in World Affairs.
9 (RLIN) 129596
830 #0 - SERIES ADDED ENTRY--UNIFORM TITLE
Uniform title India in world affairs ;
Volume number/sequential designation 1.
942 ## - ADDED ENTRY ELEMENTS (KOHA)
Source of classification or shelving scheme Dewey Decimal Classification
Koha item type Books
Holdings
Lost status Source of classification or shelving scheme Damaged status Not for loan Collection code Permanent Location Current Location Shelving location Date acquired Total Checkouts Full call number Date last seen Copy number Koha item type Source of acquisition Cost, normal purchase price
  Dewey Decimal Classification     Non-fiction Central Library, University of Rajshahi Central Library, University of Rajshahi   09/06/2016   327.54 KAI 1952 09/06/2016 C-2 Books    
  Dewey Decimal Classification   Not For Loan Non-fiction Central Library, University of Rajshahi Central Library, University of Rajshahi Reading Room 08/09/1955   327.54 KAI 1952 19/01/2017 C-1 Books B.H. Blackwell ltd. 7.60